|
|
|
|
| LEADER |
00912nam a2200253 a 4500 |
| 001 |
c000061040 |
| 003 |
CARM |
| 005 |
19720331000000.0 |
| 008 |
720119s1971 enk 000 1 eng |
| 015 |
|
|
|a B71-13687
|
| 019 |
1 |
|
|a 21800397
|z 430788
|z 45113064
|z 55201184
|5 LACONCORD2021
|
| 020 |
|
|
|a 0333124871
|
| 035 |
|
|
|a (OCoLC)238574
|5 LACONCORD2021
|
| 040 |
|
|
|a LC
|b eng
|c LC
|
| 050 |
0 |
0 |
|a PZ4.M372
|b Mi
|a PR6063.A68
|
| 082 |
0 |
4 |
|a 823
|
| 100 |
1 |
|
|a Marshall, William,
|d 1944-
|
| 245 |
1 |
4 |
|a The middle kingdom.
|
| 260 |
|
|
|a London,
|b Macmillan,
|c 1971.
|
| 300 |
|
|
|a 224 p.
|c 21 cm.
|
| 500 |
|
|
|a Second vol. in the trilogy The twentieth century; the 1st vol. is The age of death.
|
| 852 |
8 |
|
|b CARM
|h A2:AE19B0
|i B00254
|p 0013775
|f BK
|
| 999 |
f |
f |
|i 86364ca0-75c5-545b-8d16-633139ed5088
|s 11511408-3d96-56a9-8df1-abbfd6a59dfb
|
| 952 |
f |
f |
|p Can circulate
|a CAVAL
|b CAVAL
|c CAVAL
|d CARM 1 Store
|e B00254
|f A2:AE19B0
|h Other scheme
|i book
|m 0013775
|